000 00697cab a2200265 4500
001 X601
008 090401t1993 xxu||||| |||| 00| 0 eng d
035 _a(Sirsi) u66493
041 _aeng
245 _aAsset registers
260 _c1993
350 _a0
490 _aCSW - The Property Week
_v43(3) 15 April 1993, 47(1)
650 _aASSET REGISTERS
650 _aCIPFA
650 _aCOMPUTERS
650 _aMANAGEMENT-BUSINESS MANAGEMENT-INFORMATION MANAGEMENT
650 _aLAMIS
650 _aLOCAL AUTHORITIES
650 _aLOCAL AUTHORITY MANAGEMENT INFORMATION SYSTEM
650 _aValuation
_96273
690 _aRATING AND VALUATION
942 _n0
948 _c04/03/1997
999 _c41541
_d41541